000 01190nam a2200457Ia 4500
001 8341
005 20240113234104.0
007 ta
008 050718s2005 a g b000 u eng u
020 _a81-272-2003-5
_cRs.225.00
040 _aCotton College,Assam
041 _aeng
082 _a540
_bSh 11 Mo
100 _aSharma, Y.R..
245 0 _aModern Approach to Chemistry: Part II /
_cY.R.Sharma, Baidya Nath Sharma & Sudarshan Barua.
_hTextual Documents
250 _a8th ed. /
260 _aNew Delhi :
_bKalyani Publisher ,
_c2005.
300 _a622p. :
_bill. ;
_c22cm .
365 _aRs.225.00
500 _aFor Higher Secondary Students
653 _aChemistry
653 _aG-Chemistry
653 _aT/G-Chemistry
700 _aBarua, Sudarshan .
700 _aSharma , Baidya Nath .
942 _2ddc
_cBK
999 _c8328
_d8328